The regeneration of British industry
Đã lưu trong:
| Institution som forfatter: | |
|---|---|
| Format: | Bog |
| Sprog: | Undetermined |
| Udgivet: |
London
Her Majecty Stationery Office
1974
|
| Fag: | |
| Tags: |
Tilføj Tag
Ingen Tags, Vær først til at tagge denne postø!
|
| Thư viện lưu trữ: | Trung tâm Học liệu Trường Đại học Cần Thơ |
|---|
| LEADER | 00593nam a2200205Ia 4500 | ||
|---|---|---|---|
| 001 | CTU_86439 | ||
| 008 | 210402s9999 xx 000 0 und d | ||
| 082 | |a 338.9 | ||
| 082 | |b R333 | ||
| 110 | |a Depertment of Industry | ||
| 245 | 4 | |a The regeneration of British industry | |
| 245 | 0 | |c Depertment of Industry | |
| 260 | |a London | ||
| 260 | |b Her Majecty Stationery Office | ||
| 260 | |c 1974 | ||
| 650 | |a Great britain,Industries | ||
| 650 | |x Economic conditions,Economic policy | ||
| 650 | |z Great britain | ||
| 904 | |i Năm | ||
| 980 | |a Trung tâm Học liệu Trường Đại học Cần Thơ | ||